000 00448nam a2200169Ia 4500
005 20260330112652.0
008 260330s9999||||xx |||||||||||||| ||und||
020 _a9582004446
041 _aspa
100 _aLuis Miguel Mora
245 0 _aQuímica Recreativa: Cien Experiencias En El Laboratorio /
_cLuis Miguel Mora
250 _a3 ed.
260 _aBogotá, Colombia :
_bMagisterio.
300 _a164 p.
650 _aQUÍMICA
942 _cBK
999 _c1222
_d1222